000 00769nam0a22002411 4500
001 rc\4981339
005 20260408071627.0
021 _aRU
_bРг1836-58
035 _a(NLR Aleph) 008968078
090 _a9106971
_c9106971
100 _a20130430d1957 |||y0rusy50 ca
101 0 _arus
102 _aRU
105 _aa z |||||
200 1 _aРуководство по монтажу и эксплуатации уровнемеров
_fМоск. завод "Манометр"
210 _a[Москва]
_cБ. и.
_d1957
215 _a12 с.
_cчерт.
_d20
712 0 2 _a"Манометр", завод
_cМосква
_9607858
_3RU\NLR\AUTH\8810053715
801 0 _aRU
_bNLR
_gpsbo
801 1 _aRU
_bELAR
_2rusmarc
852 _aNLR
_j58-4/4446
942 _cBOOK
980 _aNB